000 00971nam a2200277Ia 4500
005 20220317000746.0
008 160601s2005 sp a g 000 0 spa
020 _a8426134440
100 1 _aLindgren, Astrid
_d1907-
245 1 0 _aMío, mi pequeño mío
_cAstrid Lindgren ; traducción de Herminia Dauer ; ilustraciones de Ilon Wikland
250 _a1a. edición
300 _a143 páginas
_bilustraciones
_c22 cm
490 _aColección juventud
650 1 4 _2LEMB
_aNovela infantil sueca
_ySiglo XX
650 1 4 _2LEMB
_aLiteratura infantil sueca
_ySiglo XX
650 1 4 _2LEMB
_aAventuras en la literatura
700 1 _aDauer, Herminia
_etraductor
_954130
700 1 _aWikland, Ilon
_eilustrador
_917401
942 _2loc
_cBKINF
264 _aBarcelona
_bJuventud
_c2005
336 _atexto
_btxt
_2rdacontent
337 _asin mediación
_bn
_2rdamedia
338 _avolumen
_bnc
_2rdacarrier
040 _aCO-BoRNBP
_bspa
_erda
_cCO-BoRNBP
084 _aN LIN3
999 _c4975
_d4975